000 01000cam a22002891 4500
001 1736
003 BD-RjUL
005 20211208233412.0
008 131209s1974 nyub b 001 0 eng d
035 _a(BD-RjUL)1763
040 _aDLC
_cDLC
_dDLC
_dBD-RjUL
_beng
041 _aeng
082 0 4 _220
_a304.8
_bCHY
100 1 _aChandler, Tertius.
_95744
245 1 0 _a3000 years of urban growth /
_cTertius Chandler [and] Gerald Fox. With a foreword by Lewis Mumford.
260 _aNew York :
_bAcademic Press,
_cc1974.
300 _aix, 431 p. :
_bmaps. ;
_c27 cm.
490 0 _aStudies in population
504 _aIncludes index andBibliography: p. 385-413.
650 0 _aPopulation.
_95745
650 0 _aCities and towns
_xGrowth.
_95746
700 1 _aFox, Gerald,
_d1939-
_ejoint author.
_95747
856 _3worldcat details
_uhttp://www.worldcat.org/title/3000-years-of-urban-growth/oclc/913015&referer=brief_results
942 _2ddc
_cBK
999 _c1736
_d1736